Participación, salud y bienestar 3; embarazo, parto y puerperio /
Guardado en:
| Autor Principal: | |
|---|---|
| Formato: | Libro |
| Publicado: |
Buenos Aires :
Ministerio de Salud y Acci¢n Social,
1988
|
| Materias: | |
| Etiquetas: |
Agregar Etiqueta
Sin Etiquetas, Sea el primero en etiquetar este registro!
|
| LEADER | 00481nam a22001575a 4500 | ||
|---|---|---|---|
| 001 | CEM.cems006380 | ||
| 005 | 20060214000000.0 | ||
| 008 | 130507s1988##################000#0#####d | ||
| 003 | CEMS | ||
| 082 | 0 | 4 | |a 614 |
| 100 | 1 | |a Unicef | |
| 245 | 1 | 0 | |a Participación, salud y bienestar 3; embarazo, parto y puerperio / |
| 260 | |a Buenos Aires : |b Ministerio de Salud y Acci¢n Social, |c 1988 | ||
| 300 | |a 24 p. | ||
| 653 | |a Salud publica | ||
| 859 | |a CEMS |b BIB. CEMS - 11 de abril |h 614 |i Un3/3 |p 16049.91 |t Ej.1 | ||
